| 000 | 00656cam a2200217 a 4500 | ||
|---|---|---|---|
| 001 | 14698105 | ||
| 005 | 20240229024920.0 | ||
| 008 | 070113s2006 ce b 000 0 eng | ||
| 020 | _a9559989200 | ||
| 040 |
_aDLC _cDLC _dDLC |
||
| 082 |
_222 _a322.4 _bETH. |
||
| 100 | 1 | _aAmeerdeen, Vellaithamby. | |
| 245 | 1 | 0 |
_aEthnic politics of Muslims in Sri Lanka / _cVellaithamby Ameerdeen. |
| 250 | _a1st ed. | ||
| 260 |
_aKandy : _bCentre for Minority Studies, _c2006. |
||
| 300 | _axiv, 271 p. ; | ||
| 500 | _aOriginally presented as the author's thesis (Ph. D.)--Jawaharlal Nehru University. | ||
| 650 | 0 | _aMuslims. | |
| 650 | 0 | _aEthnic conflict | |
| 942 | _cL | ||
| 999 |
_c517 _d517 |
||